<?xml version="1.0" encoding="UTF-8"?>
<record
    xmlns:xsi="http://www.w3.org/2001/XMLSchema-instance"
    xsi:schemaLocation="http://www.loc.gov/MARC21/slim http://www.loc.gov/standards/marcxml/schema/MARC21slim.xsd"
    xmlns="http://www.loc.gov/MARC21/slim">

  <leader>01566nam a22002417a 4500</leader>
  <controlfield tag="003">KOHA_M&#x130;RAKIL</controlfield>
  <controlfield tag="005">20260424105821.0</controlfield>
  <controlfield tag="008">260421b        tu ||||| |||| 00| 0 tur d</controlfield>
  <datafield tag="020" ind1=" " ind2=" ">
    <subfield code="a">9789754687125</subfield>
  </datafield>
  <datafield tag="040" ind1=" " ind2=" ">
    <subfield code="a">TR-AnABB</subfield>
    <subfield code="b">tur</subfield>
    <subfield code="c">TR-AnABB</subfield>
  </datafield>
  <datafield tag="041" ind1=" " ind2=" ">
    <subfield code="a">tur</subfield>
  </datafield>
  <datafield tag="082" ind1=" " ind2=" ">
    <subfield code="a">327.101</subfield>
    <subfield code="b">KAY 2008</subfield>
  </datafield>
  <datafield tag="100" ind1="1" ind2=" ">
    <subfield code="a">Kay&#x131;k&#xE7;&#x131;, Murat </subfield>
  </datafield>
  <datafield tag="245" ind1="1" ind2="0">
    <subfield code="a">Yeni imparatorluk &#xE7;a&#x11F;&#x131; /</subfield>
    <subfield code="c">edit&#xF6;r: Murat Kay&#x131;k&#xE7;&#x131;, R. &#xD6;zg&#xFC;r D&#xF6;nmez</subfield>
  </datafield>
  <datafield tag="260" ind1=" " ind2=" ">
    <subfield code="a">&#x130;stanbul :</subfield>
    <subfield code="b">Say Yay&#x131;nlar&#x131;,</subfield>
    <subfield code="c">2008</subfield>
  </datafield>
  <datafield tag="300" ind1=" " ind2=" ">
    <subfield code="a">422 sayfa ;</subfield>
    <subfield code="c">20 cm</subfield>
  </datafield>
  <datafield tag="500" ind1=" " ind2=" ">
    <subfield code="a">Yeni &#x130;mparatorluk &#xC7;a&#x11F;&#x131;'n&#x131;n D&#xFC;&#x15F;&#xFC;nd&#xFC;rd&#xFC;kleri / Prof. Dr. Ru&#x15F;en Kele&#x15F; </subfield>
  </datafield>
  <datafield tag="505" ind1=" " ind2=" ">
    <subfield code="a">&#x130;&#xE7;indekiler: Yeni &#x130;mparatorluk &#xE7;a&#x11F;&#x131;: Bir tart&#x131;&#x15F;ma &#xE7;er&#xE7;evesinin T&#xFC;rkiye &#xDC;zerine d&#xFC;&#x15F;&#xFC;nd&#xFC;rd&#xFC;kleri - K&#xFC;resel &#xC7;evre sorunlar&#x131;na sahip &#x130;mparatorluk'ta &#xC7;oklukla bir &#xE7;&#x131;k&#x131;&#x15F; yolu aramak : ele&#x15F;tirel bir de&#x11F;erlendirme - Y&#xD6;netimin arkeolojisi ve imparatorluklar - Uluslararas&#x131; hukuk(t)a Neler oluyor ? - K&#xFC;reselle&#x15F;me, Hegomanya m&#xFC;cadelesi ve ekonomik g&#xFC;&#xE7; - K&#xFC;reselle&#x15F;me, imparatorluk ve etnisite - G&#xF6;r&#xFC;nen ger&#xE7;ekten g&#xF6;r&#xFC;nmeyen ger&#xE7;e&#x11F;e do&#x11F;ru kitle ileti&#x15F;im ara&#xE7;lar&#x131; ya da ger&#xE7;ekli&#x11F;in &#xF6;teki kurgusu - Bush iktidar&#x131; ve imparatorluk sarmal&#x131;ndaki Amerikan D&#x131;&#x15F; Politikas&#x131; - K&#xFC;reselle&#x15F;me S&#xFC;recinde emperyalizm ve yerel y&#xF6;netimler - &#x130;mparatorluk ve &#x15F;iddetin ola&#x11F;anla&#x15F;mas&#x131; -Yeni &#x130;mparatorluk &#xC7;a&#x11F;&#x131;'n&#x131;n D&#xFC;&#x15F;&#xFC;nd&#xFC;rd&#xFC;kleri </subfield>
  </datafield>
  <datafield tag="650" ind1="0" ind2="4">
    <subfield code="a">Uluslararas&#x131; ili&#x15F;kiler, felsefe ve kuram</subfield>
  </datafield>
  <datafield tag="650" ind1="0" ind2="4">
    <subfield code="a">Uluslararas&#x131; ili&#x15F;kiler</subfield>
  </datafield>
  <datafield tag="900" ind1=" " ind2=" ">
    <subfield code="b">Can &#xC7;ELIK</subfield>
  </datafield>
  <datafield tag="942" ind1=" " ind2=" ">
    <subfield code="2">ddc</subfield>
    <subfield code="c">BK</subfield>
  </datafield>
  <datafield tag="952" ind1=" " ind2=" ">
    <subfield code="0">0</subfield>
    <subfield code="1">0</subfield>
    <subfield code="2">ddc</subfield>
    <subfield code="7">0</subfield>
    <subfield code="a">RUK</subfield>
    <subfield code="b">RUK</subfield>
    <subfield code="d">2026-04-21</subfield>
    <subfield code="l">0</subfield>
    <subfield code="o">327.101 KAY 2008</subfield>
    <subfield code="p">RK7228</subfield>
    <subfield code="r">2026-04-21 10:05:15</subfield>
    <subfield code="w">2026-04-21</subfield>
    <subfield code="y">BK</subfield>
  </datafield>
  <datafield tag="999" ind1=" " ind2=" ">
    <subfield code="c">10322</subfield>
    <subfield code="d">10322</subfield>
  </datafield>
</record>
